Buying the business / (Record no. 345030)
[ view plain ]
| 000 -LEADER | |
|---|---|
| fixed length control field | 00875 a2200193 4500 |
| 020 ## - INTERNATIONAL STANDARD BOOK NUMBER | |
| International Standard Book Number | 0091743583 |
| 020 ## - INTERNATIONAL STANDARD BOOK NUMBER | |
| International Standard Book Number | 9780091743581 |
| 082 ## - DEWEY DECIMAL CLASSIFICATION NUMBER | |
| Classification number | 823.914 |
| Author Mark | HEN |
| 100 1# - MAIN ENTRY--PERSONAL NAME | |
| Personal name | Henry, Bertram. |
| 9 (RLIN) | 122676 |
| 245 10 - TITLE STATEMENT | |
| Title | Buying the business / |
| Statement of responsibility, etc. | Bertram Henry. |
| 260 ## - PUBLICATION, DISTRIBUTION, ETC. | |
| Place of publication, distribution, etc. | [S.l.] : |
| Name of publisher, distributor, etc. | Century Hutchinson, |
| Date of publication, distribution, etc. | 1991. |
| 300 ## - PHYSICAL DESCRIPTION | |
| Extent | 192 p. ; |
| Dimensions | 22 cm. |
| 500 ## - GENERAL NOTE | |
| General note | Paperback. |
| 520 ## - SUMMARY, ETC. | |
| Summary, etc. | Everyone wants the Indonesian Oil Contract, but how far will they all go to achieve it? The Yanks are at it, the French, the Japanese, even the British. The 'it' is corruption. This book was a P.G.Wodehouse Humour Prize runner-up. |
| 650 ## - SUBJECT ADDED ENTRY--TOPICAL TERM | |
| Topical term or geographic name entry element | Buying the Business |
| 9 (RLIN) | 122677 |
| 856 40 - ELECTRONIC LOCATION AND ACCESS | |
| Materials specified | Amazon.com |
| Uniform Resource Identifier | <a href="http://www.amazon.com/exec/obidos/ASIN/0091743583/chopaconline-20">http://www.amazon.com/exec/obidos/ASIN/0091743583/chopaconline-20</a> |
| 856 40 - ELECTRONIC LOCATION AND ACCESS | |
| Materials specified | Amazon customer reviews |
| Uniform Resource Identifier | <a href="http://www.chopac.org/cgi-bin/tools/azrev.pl?q=0091743583">http://www.chopac.org/cgi-bin/tools/azrev.pl?q=0091743583</a> |
| 942 ## - ADDED ENTRY ELEMENTS (KOHA) | |
| Institution code [OBSOLETE] | NBS |
| Koha item type | Book |
| Call number prefix | 658.02 HEN |
| Source of classification or shelving scheme | |
| Withdrawn status | Lost status | Source of classification or shelving scheme | Damaged status | Not for loan | Permanent Location | Current Location | Shelving location | Date acquired | Total Checkouts | Full call number | Barcode | Date last seen | Date last checked out | Price effective from | Koha item type |
|---|---|---|---|---|---|---|---|---|---|---|---|---|---|---|---|
| Central Library (CL) | Central Library (CL) | Fiction | 08/28/2013 | 1 | 823.914 HEN | NBS22 | 04/26/2025 | 09/30/2015 | 08/28/2013 | Book | |||||
| Central Library (CL) | Central Library (CL) | Fiction | 08/28/2013 | 823.914 HEN | NBS23 | 08/28/2013 | 08/28/2013 | Book |
